[Event "Bayern-chI Bank Hofmann 23rd"]
[Site "Tegernsee"]
[Date "2019.10.29"]
[Round "4"]
[White "Viebahn, Dirk"]
[Black "Padmini, Rout"]
[Result "0-1"]
[WhiteElo "2137"]
[BlackElo "2394"]
[PlyCount "77"]
[EventDate "2019.10.26"]
[EventType "swiss"]
[EventRounds "9"]
[EventCountry "GER"]
[SourceTitle "CBM 192 Extra"]
[Source "Chessbase"]
[SourceDate "2019.11.06"]
[SourceVersion "1"]
[SourceVersionDate "2019.11.06"]
[SourceQuality "1"]

1. e4 e5 2. Nf3 Nc6 3. Bb5 Nf6 4. d3 Bc5 5. 0-0 Nd4 6. Nxd4 Bxd4 7. c3 Bb6 8. Be3 c6 9. Ba4 Bxe3 10. fxe3 Qb6 11. Qe2 d6 12. Na3 Be6 13. Bb3 Bxb3 14. axb3 d5 15. exd5 cxd5 16. d4 0-0 17. dxe5 Nd7 18. Qb5 Qe6 19. e4 dxe4 20. Nc4 b6 21. Rad1 Nc5 22. Rd6 Qg4 23. b4 Nd3 24. Qd7 Qe2 25. Qh3 Rae8 26. Rd7 Nc5 27. bxc5 Qxc4 28. cxb6 Qc5+ 29. Kh1 axb6 30. e6 fxe6 31. Re1 Qf2 32. Rg1 e3 33. Qg4 Rf7 34. Rxf7 Kxf7 35. Qh5+ Kf8 36. Qxh7 e2 37. Qh8+ Ke7 38. Qxg7+ Kd6 39. Qd4+ 0-1

[Event "Bayern-chI Bank Hofmann 23rd"]
[Site "Tegernsee"]
[Date "2019.10.26"]
[Round "1"]
[White "Peralta, Fernando"]
[Black "Viebahn, Dirk"]
[Result "1-0"]
[WhiteElo "2569"]
[BlackElo "2137"]
[PlyCount "61"]
[EventDate "2019.10.26"]
[EventType "swiss"]
[EventRounds "9"]
[EventCountry "GER"]
[SourceTitle "CBM 192 Extra"]
[Source "Chessbase"]
[SourceDate "2019.11.06"]
[SourceVersion "1"]
[SourceVersionDate "2019.11.06"]
[SourceQuality "1"]

1. d4 Nf6 2. c4 g6 3. Nc3 d5 4. cxd5 Nxd5 5. e4 Nxc3 6. bxc3 Bg7 7. Bc4 c5 8. Ne2 Nc6 9. Be3 0-0 10. 0-0 Bg4 11. f3 Bd7 12. Rb1 Na5 13. Bd3 cxd4 14. cxd4 a6 15. d5 b5 16. Qd2 Rc8 17. Rfc1 f5 18. Rxc8 Bxc8 19. a4 fxe4 20. fxe4 Bd7 21. axb5 axb5 22. Qa2 Nb7 23. Nd4 Nd6 24. Nc6 Bxc6 25. dxc6+ Kh8 26. Qd5 Qa5 27. e5 Nf5 28. Bxf5 Rxf5 29. Qxb5 Qc3 30. Qc5 Qxc5 31. Rb8+ 1-0

[Event "Vellmar op 8th"]
[Site "Vellmar"]
[Date "2016.07.31"]
[Round "7"]
[White "Langedijk, Ardjan"]
[Black "Viebahn, Dirk"]
[Result "1/2-1/2"]
[WhiteElo "2101"]
[BlackElo "2155"]
[PlyCount "154"]
[EventDate "2016.07.28"]
[EventType "swiss"]
[EventRounds "7"]
[EventCountry "GER"]
[SourceTitle "CBM 173 Extra"]
[Source "ChessBase"]
[SourceDate "2016.08.29"]
[SourceVersion "1"]
[SourceVersionDate "2016.08.29"]
[SourceQuality "1"]

1. Nf3 Nf6 2. c4 g6 3. Nc3 Bg7 4. g3 d5 5. cxd5 Nxd5 6. Bg2 Nb6 7. d4 0-0 8. 0-0 Nc6 9. d5 Na5 10. e4 Nac4 11. Qc2 e5 12. dxe6 Bxe6 13. Bf4 Nxb2 14. Rab1 N2c4 15. Rfd1 Qe7 16. Qc1 c6 17. Ng5 Rfd8 18. Nxe6 Qxe6 19. Bh6 Rxd1+ 20. Nxd1 Rd8 21. Bxg7 Kxg7 22. a4 Qe5 23. Ne3 Nxe3 24. Qxe3 Qd4 25. Qg5 Nxa4 26. h4 Nc5 27. e5 Re8 28. Re1 Nd3 29. Qf6+ Kg8 30. Re4 Qd8 31. Qf3 Rxe5 32. Ra4 Re1+ 33. Kh2 Ne5 34. Qc3 Qd1 35. Rd4 Qa1 36. Rd8+ Kg7 37. Qb4 c5 38. Qxc5 Ng4+ 39. Kh3 h5 40. Qf8+ Kh7 41. Qxf7+ Qg7 42. Qxg7+ Kxg7 43. Bxb7 Nxf2+ 44. Kg2 Ng4 45. Rd7+ Kf6 46. Bf3 Re7 47. Bxg4 hxg4 48. Rd4 Re2+ 49. Kf1 Ra2 50. Rf4+ Kg7 51. Rxg4 Kh6 52. Rg5 a5 53. g4 Rh2 54. Rxa5 Rxh4 55. g5+ Kh5 56. Kf2 Kg4 57. Kg2 Rh8 58. Rb5 Rc8 59. Ra5 Rc2+ 60. Kg1 Kg3 61. Ra3+ Kf4 62. Ra5 Re2 63. Kf1 Re4 64. Kf2 Kg4 65. Rb5 Rf4+ 66. Kg2 Rf5 67. Rxf5 Kxf5 68. Kf3 Kxg5 69. Kg3 Kf5 70. Kf3 g5 71. Kg3 g4 72. Kg2 Kf4 73. Kf2 g3+ 74. Kg2 Kg4 75. Kg1 Kf3 76. Kf1 g2+ 77. Kg1 Kg3 1/2-1/2

[Event "Vellmar op 8th"]
[Site "Vellmar"]
[Date "2016.07.31"]
[Round "6"]
[White "Viebahn, Dirk"]
[Black "Daechert, Peter"]
[Result "1-0"]
[WhiteElo "2155"]
[BlackElo "2016"]
[PlyCount "161"]
[EventDate "2016.07.28"]
[EventType "swiss"]
[EventRounds "7"]
[EventCountry "GER"]
[SourceTitle "CBM 173 Extra"]
[Source "ChessBase"]
[SourceDate "2016.08.29"]
[SourceVersion "1"]
[SourceVersionDate "2016.08.29"]
[SourceQuality "1"]

1. e4 c5 2. Nf3 Nc6 3. Bb5 g6 4. Bxc6 dxc6 5. d3 Bg7 6. h3 Nf6 7. Nc3 0-0 8. 0-0 Qc7 9. Be3 b6 10. Qc1 Rd8 11. Bh6 Bh8 12. Nh4 a5 13. Nf5 Bxf5 14. exf5 Nd5 15. Ne4 Qe5 16. fxg6 hxg6 17. Rb1 Bg7 18. Re1 Bxh6 19. Qxh6 Qg7 20. Qh4 Ra7 21. a3 Qd4 22. Qg3 Nf6 23. Nd2 Nh5 24. Qg5 Qf4 25. Qxf4 Nxf4 26. Nc4 Nd5 27. Re4 Kg7 28. Rbe1 e6 29. Ne5 Rc7 30. Nf3 Nf6 31. R4e2 Rd5 32. h4 Rcd7 33. Ne5 Rc7 34. Nc4 Rb7 35. g3 a4 36. Kg2 b5 37. Ne5 Rb6 38. Re3 Rd6 39. Rf3 Rb7 40. g4 Nd5 41. g5 Nb6 42. Re4 Rd5 43. Nxc6 c4 44. Rd4 Rbd7 45. Rxd5 Rxd5 46. Nb4 Rd4 47. Kg3 Rd6 48. Re3 Kf8 49. Re5 cxd3 50. cxd3 Nc8 51. Rxb5 Ne7 52. Rc5 Nf5+ 53. Kh3 Rd4 54. Rc4 Rd6 55. Kg4 Nd4 56. f4 Nf5 57. Rc8+ Kg7 58. h5 gxh5+ 59. Kxh5 Rd4 60. Kg4 Nd6 61. Rc5 f6 62. gxf6+ Kxf6 63. Kf3 Nf5 64. Ra5 Nh4+ 65. Ke3 Rd6 66. Rxa4 Ng2+ 67. Ke4 Ne1 68. Ra6 Rd7 69. f5 Rh7 70. Rxe6+ Kf7 71. Rb6 Rh4+ 72. Ke3 Rh3+ 73. Kf2 Nf3 74. Kg2 Ng5 75. a4 Rh4 76. a5 Rf4 77. a6 Rxf5 78. a7 Ra5 79. Ra6 Rb5 80. a8Q Rxb4 81. Qd5+ 1-0

[Event "Vellmar op 8th"]
[Site "Vellmar"]
[Date "2016.07.29"]
[Round "3"]
[White "Werner, Martin"]
[Black "Viebahn, Dirk"]
[Result "1/2-1/2"]
[WhiteElo "2023"]
[BlackElo "2155"]
[PlyCount "29"]
[EventDate "2016.07.28"]
[EventType "swiss"]
[EventRounds "7"]
[EventCountry "GER"]
[SourceTitle "CBM 173 Extra"]
[Source "ChessBase"]
[SourceDate "2016.08.29"]
[SourceVersion "1"]
[SourceVersionDate "2016.08.29"]
[SourceQuality "1"]

1. d4 Nf6 2. Bg5 d5 3. Nc3 Nbd7 4. f3 e6 5. e4 h6 6. Bf4 c6 7. Bd3 Be7 8. Nge2 g5 9. Be3 b5 10. exd5 exd5 11. Ng3 Nb6 12. b3 Be6 13. Nf5 Bxf5 14. Bxf5 Nc8 15. 0-0 1/2-1/2

[Event "Gelsenkirchen Silvester op 3rd"]
[Site "Gelsenkirchen"]
[Date "2015.12.28"]
[Round "4"]
[White "Seppelfricke, Guido"]
[Black "Viebahn, Dirk"]
[Result "0-1"]
[WhiteElo "1902"]
[BlackElo "2167"]
[PlyCount "86"]
[EventDate "2015.12.27"]
[EventType "swiss"]
[EventRounds "5"]
[EventCountry "GER"]
[SourceTitle "EXT 2019"]
[Source "ChessBase"]
[SourceDate "2018.10.10"]
[SourceVersion "1"]
[SourceVersionDate "2018.10.10"]
[SourceQuality "1"]

1. e4 e5 2. Nf3 Nc6 3. Bb5 a6 4. Bxc6 dxc6 5. 0-0 Bg4 6. h3 Bh5 7. d3 Bc5 8. Be3 Bxe3 9. fxe3 Qe7 10. Qe1 0-0-0 11. Qa5 Bxf3 12. Rxf3 Nf6 13. Nd2 Nd7 14. b4 f6 15. a4 Nb8 16. b5 Qc5 17. Nb3 Qxc2 18. b6 Rxd3 19. Nc5 Qc3 20. Qxc3 Rxc3 21. Ne6 cxb6 22. Nxg7 Nd7 23. Nh5 Rg8 24. Rd1 Rg6 25. Rf2 Ra3 26. Rfd2 Nc5 27. Rd8+ Kc7 28. Rf8 Rxa4 29. Rf7+ Kb8 30. Nxf6 Ka7 31. Nd7 Nxd7 32. Rdxd7 a5 33. Rxb7+ Ka6 34. Ra7+ Kb5 35. Rae7 Ra1+ 36. Rf1 Rxf1+ 37. Kxf1 a4 38. Rxh7 a3 39. h4 Kc4 40. h5 Rg5 41. h6 a2 42. Ra7 Kb3 43. h7 Rh5 0-1